000 00295nam a22001337a 4500
008 181023b xxu||||| |||| 00| 0 eng d
020 _a2740317247771
041 _aeng
080 _29 ED
_a610
100 _a3
101 _aSHM
245 _aThe Voice Therapy
_cBoone.D.R
942 _2udc
_cBK
999 _c50597
_d50597